[Event "Titled Tuesday intern op 24th Sep Early"]
[Site "Chess.com INT"]
[Date "2024.09.24"]
[Round "7"]
[White "Nicholson, Matthew"]
[Black "Amanov, Zhanibek"]
[Result "1-0"]
[WhiteElo "2036"]
[BlackElo "2275"]
[PlyCount "87"]
[EventDate "2024.09.24"]
[EventType "swiss (blitz)"]
[EventRounds "11"]
[EventCountry "USA"]
[SourceTitle "EXT 2025"]
[Source "ChessBase"]
[SourceDate "2024.10.14"]
[SourceVersion "1"]
[SourceVersionDate "2024.10.14"]
[SourceQuality "1"]

1. c4 e5 2. g3 c6 3. d4 e4 4. d5 cxd5 5. cxd5 Nf6 6. Nc3 Bb4 7. Qb3 Qa5 8. Bd2 0-0 9. Bg2 Bxc3 10. Bxc3 Qxd5 11. Bxf6 Qxb3 12. axb3 gxf6 13. Bxe4 Nc6 14. e3 Re8 15. Bg2 Nd4 16. Ra4 Nxb3 17. Rb4 Nc5 18. Rg4+ Kh8 19. b4 Nd3+ 20. Ke2 Ne5 21. Rf4 a5 22. b5 a4 23. Nf3 a3 24. Ra1 Kg7 25. Nd4 d6 26. Nc2 a2 27. Rb4 Bg4+ 28. f3 Be6 29. Nd4 Bc4+ 30. Kd2 d5 31. Nf5+ Kf8 32. Nd6 Re7 33. f4 Nd3 34. Rxc4 dxc4 35. Bxb7 Rxb7 36. Nxb7 Nc5 37. Nxc5 Ra3 38. Ne4 Ke7 39. Nc3 Kd6 40. Rxa2 Rb3 41. Ra6+ Ke7 42. Rc6 Rb2+ 43. Kd1 Rb4 44. Nd5+ 1-0

[Event "Titled Tuesday intern op 24th Sep Early"]
[Site "Chess.com INT"]
[Date "2024.09.24"]
[Round "1"]
[White "Souleidis, Georgios"]
[Black "Nicholson, Matthew"]
[Result "1-0"]
[WhiteElo "2418"]
[BlackElo "2036"]
[PlyCount "35"]
[EventDate "2024.09.24"]
[EventType "swiss (blitz)"]
[EventRounds "11"]
[EventCountry "USA"]
[SourceTitle "EXT 2025"]
[Source "ChessBase"]
[SourceDate "2024.10.14"]
[SourceVersion "1"]
[SourceVersionDate "2024.10.14"]
[SourceQuality "1"]

1. e4 c5 2. Be2 a6 3. f4 e6 4. d3 d5 5. Nh3 dxe4 6. dxe4 Qxd1+ 7. Bxd1 Nf6 8. Nf2 Nc6 9. c3 Be7 10. Be3 b6 11. Nd2 Bb7 12. Bf3 0-0-0 13. 0-0-0 Nd7 14. e5 f6 15. exf6 Bxf6 16. Nde4 Be7 17. Nd6+ Kc7 18. Nf7 1-0

[Event "Guelph Spring Pro-Am"]
[Site "Guelph"]
[Date "2019.04.13"]
[Round "1.2"]
[White "Nicholson, Matthew"]
[Black "Loadman, Ian"]
[Result "1-0"]
[WhiteElo "2282"]
[BlackElo "2095"]
[PlyCount "43"]
[EventDate "2019.04.13"]
[EventType "swiss"]
[EventRounds "5"]
[EventCountry "CAN"]
[SourceTitle "EXT 2022"]
[Source "ChessBase"]
[SourceDate "2021.10.06"]
[SourceVersion "1"]
[SourceVersionDate "2021.10.06"]
[SourceQuality "1"]

1. c4 e5 2. d3 Nf6 3. Nf3 Nc6 4. a3 d5 5. cxd5 Nxd5 6. e4 Nb6 7. Be3 Be7 8. Nbd2 0-0 9. Rc1 Bf6 10. b4 Be6 11. Nb3 Bxb3 12. Qxb3 a6 13. Be2 Re8 14. 0-0 Nd7 15. a4 Nf8 16. b5 axb5 17. axb5 Nd4 18. Nxd4 exd4 19. Bd2 Ne6 20. f4 Be7 21. Bh5 g6 22. f5 1-0

[Event "Titled Tuesday intern op 5th Jan"]
[Site "Chess.com INT"]
[Date "2016.01.05"]
[Round "1"]
[White "Golubov, Saveliy"]
[Black "Nicholson, Matthew"]
[Result "0-1"]
[WhiteElo "2469"]
[BlackElo "2043"]
[PlyCount "120"]
[EventDate "2016.01.05"]
[EventType "swiss (blitz)"]
[EventRounds "9"]
[EventCountry "USA"]
[SourceTitle "EXT 2021"]
[Source "ChessBase"]
[SourceDate "2020.10.23"]
[SourceVersion "1"]
[SourceVersionDate "2020.10.23"]
[SourceQuality "1"]

1. e4 e5 2. Nf3 Nc6 3. Bb5 Nf6 4. 0-0 Nxe4 5. d4 Nd6 6. Bxc6 dxc6 7. dxe5 Nf5 8. Qxd8+ Kxd8 9. h3 Ke8 10. Nc3 Be7 11. Re1 Nh4 12. Nh2 Be6 13. Be3 b6 14. g4 Bb4 15. a3 Bxc3 16. bxc3 Bd5 17. f4 h5 18. g5 Be6 19. Kf2 Rd8 20. Nf1 Bxh3 21. Ng3 Nf5 22. Ne2 Bg4 23. Nc1 Ke7 24. Nd3 c5 25. a4 a5 26. Rg1 Nxe3 27. Kxe3 Bf5 28. Ne1 Rd7 29. Rh1 g6 30. Rc1 Rhd8 31. Nf3 Bg4 32. Nh2 Be6 33. Rhf1 Bh3 34. Rf3 Bf5 35. Rff1 Rd2 36. Nf3 Rxc2 37. Rxc2 Bxc2 38. Nh4 Rd3+ 39. Ke2 Rh3 40. Nf3 Bxa4 41. c4 Bd7 42. Kf2 Bg4 43. Nd2 Rh2+ 44. Ke3 Re2+ 45. Kd3 Rg2 46. Ke3 h4 47. Ne4 h3 48. Nf6 Be6 49. f5 Bxf5 50. Nd5+ Kd7 51. Rd1 Kc8 52. Ne7+ Kb7 53. Nxf5 gxf5 54. Kf4 h2 55. Rh1 a4 56. Kf3 Rxg5 57. Rxh2 Rg4 58. Rh5 a3 59. Rxf5 Rg1 60. Kf2 Rb1 0-1

[Event "Aurora Fall op"]
[Site "Aurora"]
[Date "2013.10.20"]
[Round "5"]
[White "Preotu, Razvan"]
[Black "Nicholson, Matthew"]
[Result "1-0"]
[WhiteElo "2322"]
[BlackElo "2040"]
[PlyCount "89"]
[EventDate "2013.10.19"]
[EventType "swiss"]
[EventRounds "5"]
[EventCountry "CAN"]
[SourceTitle "EXT 2014"]
[Source "ChessBase"]
[SourceDate "2013.11.20"]
[SourceVersion "1"]
[SourceVersionDate "2013.11.20"]
[SourceQuality "1"]

1. e4 c6 2. d4 d5 3. e5 Bf5 4. Nf3 e6 5. Be2 c5 6. Nbd2 Nc6 7. 0-0 cxd4 8. Nb3 Nge7 9. Nbxd4 Bg4 10. c4 a6 11. Qa4 Qa5 12. Qxa5 Nxa5 13. cxd5 Nxd5 14. Bd2 Bb4 15. Bxb4 Nxb4 16. h3 Bh5 17. a3 Nbc6 18. g4 Bg6 19. b4 Nxd4 20. Nxd4 0-0-0 21. Rfd1 Nc6 22. Nxc6 bxc6 23. Bxa6+ Kc7 24. Be2 Bc2 25. Rxd8 Rxd8 26. Rc1 Rd2 27. Bf3 Kb6 28. Kf1 Ba4 29. Rc3 Bb5+ 30. Kg2 Rd4 31. Kg3 h6 32. h4 g6 33. Bg2 g5 34. h5 Rd3+ 35. Rxd3 Bxd3 36. f4 gxf4+ 37. Kxf4 c5 38. bxc5+ Kxc5 39. Be4 Be2 40. Bf3 Bd3 41. g5 hxg5+ 42. Kxg5 Kd4 43. Kf6 Bc2 44. h6 Bg6 45. Bh5 1-0

[Event "CAN-ch"]
[Site "Guelph"]
[Date "2011.05.09"]
[Round "6"]
[White "Barron, Michael"]
[Black "Nicholson, Matthew"]
[Result "0-1"]
[WhiteElo "2223"]
[BlackElo "1928"]
[PlyCount "116"]
[EventDate "2011.05.06"]
[EventType "swiss"]
[EventRounds "9"]
[EventCountry "CAN"]
[SourceTitle "CBM 142 Extra"]
[Source "ChessBase"]
[SourceDate "2011.06.27"]
[SourceVersion "1"]
[SourceVersionDate "2011.06.27"]
[SourceQuality "1"]

1. e4 e6 2. d4 d5 3. Nd2 a6 4. Bd3 c5 5. c3 Nc6 6. Ngf3 Nf6 7. e5 Nd7 8. Bc2 Be7 9. 0-0 g5 10. Nb3 c4 11. Nbd2 b5 12. a3 Bb7 13. Kh1 a5 14. Re1 g4 15. Ng1 h5 16. Nf1 Qc7 17. f3 0-0-0 18. fxg4 hxg4 19. Qxg4 Ndxe5 20. dxe5 Nxe5 21. Rxe5 Qxe5 22. Bf4 Qf6 23. Re1 Rh4 24. Be5 Rxg4 25. Bxf6 Bxf6 26. Ne3 Rgg8 27. Nf3 b4 28. Nd4 e5 29. Nb5 d4 30. Ng4 d3 31. Bd1 Bh8 32. Rf1 Rd7 33. Ne3 Bc6 34. a4 Kb7 35. Bf3 Bxf3 36. Rxf3 e4 37. Rf1 bxc3 38. bxc3 d2 39. Kg1 f5 40. Nd1 Re8 41. Kf2 f4 42. Na3 e3+ 43. Ke2 Re4 44. Nb5 Be5 45. Nd4 Bxd4 46. cxd4 Rexd4 47. g3 fxg3 48. hxg3 Rd3 49. Rf4 R7d4 50. Rf5 Kb6 51. Rb5+ Kc6 52. Rb8 Rd8 53. Rxd8 Rxd8 54. Nxe3 c3 55. Kd1 Rd3 56. Nc2 Rxg3 57. Nd4+ Kd5 58. Ne2 Re3 0-1

[Event "CAN-ch"]
[Site "Guelph"]
[Date "2011.05.08"]
[Round "5"]
[White "Anastasovski, Nikola"]
[Black "Nicholson, Matthew"]
[Result "0-1"]
[WhiteElo "2110"]
[BlackElo "1928"]
[PlyCount "54"]
[EventDate "2011.05.06"]
[EventType "swiss"]
[EventRounds "9"]
[EventCountry "CAN"]
[SourceTitle "CBM 142 Extra"]
[Source "ChessBase"]
[SourceDate "2011.06.27"]
[SourceVersion "1"]
[SourceVersionDate "2011.06.27"]
[SourceQuality "1"]

1. e4 c5 2. c4 Nc6 3. Nc3 g6 4. g3 Bg7 5. Bg2 d6 6. d3 e6 7. Nge2 Nge7 8. Be3 0-0 9. Qd2 a6 10. Bh6 Bxh6 11. Qxh6 Nd4 12. 0-0-0 Qa5 13. Kb1 Nec6 14. h4 b5 15. h5 Ra7 16. Nf4 Ne5 17. Rh4 bxc4 18. dxc4 Rb7 19. hxg6 fxg6 20. Kc1 Rff7 21. Nd3 Rxb2 22. Nxb2 Qxc3+ 23. Kb1 Nxc4 24. Qc1 Na3+ 25. Ka1 Ndc2+ 26. Qxc2 Qxc2 27. Rhh1 Qb1+ 0-1

[Event "CAN-ch"]
[Site "Guelph"]
[Date "2011.05.07"]
[Round "2"]
[White "Panjwani, Raja"]
[Black "Nicholson, Matthew"]
[Result "1-0"]
[WhiteElo "2413"]
[BlackElo "1928"]
[PlyCount "47"]
[EventDate "2011.05.06"]
[EventType "swiss"]
[EventRounds "9"]
[EventCountry "CAN"]
[SourceTitle "CBM 142 Extra"]
[Source "ChessBase"]
[SourceDate "2011.06.27"]
[SourceVersion "1"]
[SourceVersionDate "2011.06.27"]
[SourceQuality "1"]

1. d4 Nf6 2. c4 g6 3. Nc3 d5 4. Bg5 Ne4 5. Bh4 Nxc3 6. bxc3 Bg7 7. e3 c5 8. cxd5 Qxd5 9. Qf3 Qd6 10. Bc4 0-0 11. Ne2 cxd4 12. exd4 e5 13. 0-0 exd4 14. cxd4 Nc6 15. Rad1 Bf5 16. Bb3 Rac8 17. d5 Ne5 18. Qf4 Qa3 19. d6 Bd7 20. Be7 Rfe8 21. Bf6 Bxf6 22. Qxf6 Be6 23. Qxe5 Bxb3 24. d7 1-0

[Event "Toronto Hart House Reading Week op"]
[Site "Toronto"]
[Date "2011.02.19"]
[Round "1"]
[White "Calugar, Arthur"]
[Black "Nicholson, Matthew"]
[Result "1-0"]
[WhiteElo "2354"]
[BlackElo "2110"]
[PlyCount "109"]
[EventDate "2011.02.19"]
[EventType "swiss"]
[EventRounds "6"]
[EventCountry "CAN"]
[SourceTitle "EXT 2022"]
[Source "ChessBase"]
[SourceDate "2021.10.06"]
[SourceVersion "1"]
[SourceVersionDate "2021.10.06"]
[SourceQuality "1"]

1. e4 c5 2. Nf3 d6 3. d4 cxd4 4. Nxd4 Nf6 5. Nc3 g6 6. Be3 Bg7 7. f3 0-0 8. Bc4 Nc6 9. Qd2 Bd7 10. 0-0-0 Rc8 11. Bb3 Nxd4 12. Bxd4 b5 13. Nd5 Nxd5 14. Bxg7 Kxg7 15. Bxd5 a5 16. h4 e6 17. h5 exd5 18. hxg6 hxg6 19. Qh6+ Kf6 20. Rxd5 Qc7 21. Qd2 Ke7 22. Rd1 Rfd8 23. Rxd6 Be6 24. e5 Bf5 25. Qg5+ Ke8 26. R1d2 Qe7 27. Qg3 b4 28. Kd1 Rxd6 29. exd6 Qf6 30. Qe1+ Kf8 31. Kc1 a4 32. g4 a3 33. Qe7+ Qxe7 34. dxe7+ Kxe7 35. gxf5 b3 36. bxa3 bxa2 37. Kb2 Rc3 38. Kxa2 g5 39. Rf2 Kf6 40. Kb2 Re3 41. c4 Kxf5 42. c5 Kf4 43. a4 f5 44. Rc2 Kxf3 45. Rc3 f4 46. c6 Kf2 47. c7 Re8 48. c8Q Rxc8 49. Rxc8 g4 50. a5 g3 51. a6 g2 52. Rc2+ Kg1 53. a7 f3 54. a8Q f2 55. Qa7 1-0

[Event "Hamilton Summer op"]
[Site "Hamilton"]
[Date "2010.08.21"]
[Round "3"]
[White "Sapozhnikov, Roman"]
[Black "Nicholson, Matthew"]
[Result "1-0"]
[WhiteElo "2386"]
[BlackElo "2052"]
[PlyCount "127"]
[EventDate "2010.08.21"]
[EventType "swiss"]
[EventRounds "5"]
[EventCountry "CAN"]
[SourceTitle "EXT 2022"]
[Source "ChessBase"]
[SourceDate "2021.10.06"]
[SourceVersion "1"]
[SourceVersionDate "2021.10.06"]
[SourceQuality "1"]

1. e4 e5 2. Nf3 Nc6 3. Bb5 Nf6 4. 0-0 Nxe4 5. d4 Nd6 6. Bxc6 dxc6 7. dxe5 Nf5 8. Qxd8+ Kxd8 9. Nc3 Ke8 10. h3 b6 11. b3 Ba6 12. Re1 Bb4 13. Bb2 Rd8 14. Red1 Bxc3 15. Rxd8+ Kxd8 16. Bxc3 Be2 17. Ng5 Ke7 18. Re1 Ba6 19. Re4 Bc8 20. Nf3 c5 21. Rf4 h5 22. g4 hxg4 23. hxg4 Nh4 24. Ng5 Be6 25. Ra4 a5 26. Nxe6 fxe6 27. f4 Rf8 28. Kf2 Ng6 29. Kg3 Kd7 30. Re4 Ne7 31. Bd2 g6 32. Re2 Rh8 33. Rh2 Rxh2 34. Kxh2 Ke8 35. Kg3 Kf7 36. a4 Nc6 37. Bc3 Ne7 38. Kh4 Kg7 39. Kg5 Nd5 40. Bd2 Ne7 41. Be1 Nc6 42. Bc3 Ne7 43. Bb2 Kf7 44. c3 Kg7 45. Bc1 Nd5 46. Bd2 Ne7 47. Kh4 Kf7 48. Kg3 Ke8 49. Kf3 Kf7 50. Ke4 Ke8 51. Be1 Kf7 52. Bh4 Nc6 53. f5 gxf5+ 54. gxf5 exf5+ 55. Kxf5 Ke8 56. e6 Na7 57. Bg3 Kd8 58. Kf6 b5 59. Bxc7+ Ke8 60. axb5 c4 61. bxc4 Nc8 62. b6 Nxb6 63. Bxb6 a4 64. Bc5 1-0